| 000 | 00613nam a22002057a 4500 | ||
|---|---|---|---|
| 008 | 150330b xxu||||| |||| 00| 0 eng d | ||
| 020 | _a9780071629614 | ||
| 041 | 0 | _aeng | |
| 080 | _a336.121 | ||
| 100 | _aPond, Jonathan D. | ||
| 245 | 1 | 0 |
_aSafe money in tough times : _cJonathan D. Pond. |
| 260 |
_aNew York : _bMcGraw-Hill, _c2009 |
||
| 300 |
_a229 f.: _c22 cm. |
||
| 500 | _aPreface: f.VII-VIII | ||
| 505 | _aIndex: f.225-229 | ||
| 650 | 0 | _aFinancat personale | |
| 650 | 0 | _aSigurimi Financiar | |
| 650 | 0 | _aKriza Financiare | |
| 942 |
_2udc _cBK |
||
| 999 |
_c634 _d634 |
||